Top 20 most violent countries - Statistics

General Stats
  • This quiz has been taken 153 times
  • The average score is 15 of 20
Answer Stats
GPI Ranking Answer % Correct
3.448 Afghanistan
90%
3.006 Iraq
88%
3.214 D.R.Congo
83%
3.294 Syria
83%
3.142 Russia
82%
2.800 Iran
81%
3.023 Sudan
81%
3.350 Yemen
81%
3.221 South Sudan
80%
2.745 Pakistan
79%
3.043 Ukraine
79%
3.036 Somalia
78%
2.713 Nigeria
77%
2.963 Mali
71%
2.872 Ethiopia
63%
2.848 North Korea
63%
2.934 Central African Republic
62%
2.800 Turkey
60%
2.741 Myanmar
57%
2.868 Burkina Faso
48%
No matching quizzes found
Score Distribution
Percent of People with Each Score
Percentile by Number Answered
Your Score History
You have not taken this quiz